| 000 | 00976nas a2200301 4500 | ||
|---|---|---|---|
| 001 | BR8103333 | ||
| 003 | BR-BrBNA | ||
| 005 | 20231205084748.0 | ||
| 007 | ta | ||
| 008 | 230509b bl.|||p| |||| 00| 00por d | ||
| 040 |
_aBR-BrBNA _bpor _cBiblioteca Nacional de Agricultura |
||
| 041 | _a(Pt) | ||
| 072 | _aH00 | ||
| 100 | 1 | _aRonquayrol, M.Z. | |
| 100 | 1 | _aFonteles, M.C. | |
| 100 | 1 | _aAlencar, J.E. | |
| 100 | 1 | _aMatos, F.J. de A. | |
| 100 | 1 | _aCraveiro, A.A. | |
| 245 | 1 | _aAtividade moluscicida de oleos essenciais de plantas do nordeste brasileiro | |
| 246 | 1 | _aMolluscicidal activity of essential oils from the Brazilian northeast plants | |
| 650 | _aDefesa vegetal | ||
| 650 | _aMoluscicida | ||
| 650 | _aOleo essencial | ||
| 650 | _aNordeste | ||
| 773 | 0 |
_tRevista Brasileira de Pesquisas Medicas e Biologicas (Brazil) _xISSN 0034-7310 _g(Aug 1980), v. 13(4-6) p. 135-143 _wBR8103333 |
|
| 909 |
_a202311 _bLúcia _c55 _dLúcia Elande |
||
| 942 |
_2AGRIS _n0 _cANA |
||
| 999 |
_c107131 _d107131 |
||